000 00597nam a22001817a 4500
999 _c190168
_d190168
005 20220719150928.0
010 _aENG-133709
020 _c995.00
_a9788178245225
035 _aEN-117241
037 _bDBAD/PUB
082 _a909.08
100 _aSubrahmanyam, Sanjay
245 _aEmpires between Islam and Christianity/
_cSanjay Subrahmanyam
260 _aRanikhet
_bPermanent black
_c2018
270 _a'Himalayana', Mall road, Ranikhet cantt
_bRanikhet
_e263645
_mperblack@gmail.com
300 _axiv,457p.
_c22cm(hbk)
_bBibliography, Index
942 _2ddc
_cEN
_h909.08
_mSUB